00427nam a22001577a 450000500170000000800410001702000150005802200130007304100130008608200130009910000130011224500400012526000470016530000310021265000260024320240920094323.0240702b |||||||| |||| 00| 0 eng d a0702145963 a03764605 aEnglish  a349 ANN  lEnglish  aAnnual Survey of South African Law  aCape Town: bJuta and Company Ltd, c1996  blviii, 938 pages;c23 cm.  aLegal practice bLaw